[Event "Leca da Palmeira 2nd"]
[Site "Leca da Palmeira"]
[Date "2023.08.04"]
[Round "7"]
[White "Hristodoulaki, Antonia"]
[Black "Martins, Bruno Andre Leite"]
[Result "1/2-1/2"]
[WhiteElo "2077"]
[BlackElo "2342"]
[PlyCount "154"]
[EventDate "2023.07.31"]
[EventType "swiss"]
[EventRounds "9"]
[EventCountry "POR"]
[SourceTitle "CBM 215 Extra"]
[Source "ChessBase"]
[SourceDate "2023.09.30"]
[SourceVersion "1"]
[SourceVersionDate "2023.09.30"]
[SourceQuality "1"]

1. e4 c5 2. Nf3 e6 3. d3 d5 4. Qe2 Ne7 5. g3 Nbc6 6. c3 g6 7. Bg2 Bg7 8. 0-0 0-0 9. e5 Qc7 10. Re1 Bd7 11. Bf4 b5 12. Nbd2 Rab8 13. b3 Qa5 14. Rec1 Rbc8 15. h4 Rfe8 16. Bf1 b4 17. c4 Nf5 18. g4 Nfd4 19. Qe3 f6 20. Bg3 f5 21. g5 Nxf3+ 22. Nxf3 d4 23. Qf4 Qc7 24. Be2 a5 25. Bd1 Ra8 26. a4 bxa3 27. Rxa3 Reb8 28. Rca1 Ra6 29. Kf1 Kf7 30. Qd2 Ke7 31. Qf4 Nb4 32. Ke2 Bc6 33. Ne1 Bb7 34. Kd2 Nc6 35. Nf3 Qb6 36. Kc1 Bc8 37. Qd2 Bd7 38. Bf4 Qc7 39. Qe2 Bc8 40. Bg3 Bb7 41. Bf4 Nb4 42. Ne1 Rba8 43. Kb2 Bc6 44. Kc1 Qb8 45. Bg3 R8a7 46. f4 Qa8 47. Qb2 a4 48. bxa4 Bxa4 49. Bf3 Bc6 50. Rxa6 Rxa6 51. Rxa6 Qxa6 52. Kd2 Bxf3 53. Nxf3 Qa8 54. Nxd4 cxd4 55. Qxb4+ Kf7 56. Ke2 Qg2+ 57. Bf2 Qg4+ 58. Ke1 Bf8 59. Qd2 Bc5 60. Kf1 Qf3 61. Kg1 Qg4+ 62. Kh2 h5 63. Bg3 Qf3 64. Bf2 Qb7 65. Kg3 Qb1 66. Kg2 Qb3 67. Qe2 Ke8 68. Kg3 Qb1 69. Kg2 Qb3 70. Qf3 Kf7 71. Qc6 Be7 72. Qf3 Qc3 73. Bg1 Ba3 74. Qb7+ Be7 75. Qf3 Kg7 76. Bf2 Qc2 77. Kg3 Qc3 1/2-1/2

[Event "GRE-ch (Women) 44th"]
[Site "Athens"]
[Date "2022.12.05"]
[Round "4"]
[White "Kiousi, Panagiota"]
[Black "Hristodoulaki, Antonia"]
[Result "0-1"]
[WhiteElo "1818"]
[BlackElo "2063"]
[PlyCount "96"]
[EventDate "2022.12.03"]
[EventType "tourn"]
[EventRounds "11"]
[EventCountry "GRE"]
[SourceTitle "CBM 211 Extra"]
[Source "ChessBase"]
[SourceDate "2023.01.31"]
[SourceVersion "1"]
[SourceVersionDate "2023.01.31"]
[SourceQuality "1"]

1. d4 Nf6 2. c4 e6 3. Nf3 Bb4+ 4. Bd2 Qe7 5. g3 Nc6 6. Bg2 0-0 7. 0-0 Bxd2 8. Qxd2 d6 9. Nc3 e5 10. h3 h6 11. e4 exd4 12. Nxd4 Nxd4 13. Qxd4 Qe5 14. Qxe5 dxe5 15. Nd5 c6 16. Nxf6+ gxf6 17. f4 Be6 18. b3 Rad8 19. Rad1 b6 20. Kf2 c5 21. Ke3 Rd4 22. Rxd4 cxd4+ 23. Kd3 Rc8 24. Rc1 Kf8 25. Bf3 Ke7 26. f5 Bd7 27. b4 Kd6 28. Bh5 Be8 29. Bd1 Bb5 30. Bh5 Ke7 31. Rc2 Ba4 32. Rg2 Bc6 33. Bd1 Bb7 34. Rb2 Rg8 35. Rg2 a5 36. b5 Rg5 37. a3 Rxf5 38. h4 Rf1 39. Ke2 Rh1 40. Bc2 Rc1 41. Bd3 Ra1 42. Rf2 Ra2+ 43. Ke1 Rxa3 44. Kd2 Ra2+ 45. Ke1 Rxf2 46. Kxf2 a4 47. Ke2 a3 48. Bb1 Bxe4 0-1

[Event "Maia op 6th"]
[Site "Maia"]
[Date "2022.08.30"]
[Round "6"]
[White "Hristodoulaki, Antonia"]
[Black "Valderrama Quiceno, Esteban Alberto"]
[Result "0-1"]
[WhiteElo "2048"]
[BlackElo "2440"]
[PlyCount "72"]
[EventDate "2022.08.26"]
[EventType "swiss"]
[EventRounds "9"]
[EventCountry "POR"]
[SourceTitle "CBM 210 Extra"]
[Source "ChessBase"]
[SourceDate "2022.11.30"]
[SourceVersion "1"]
[SourceVersionDate "2022.11.30"]
[SourceQuality "1"]

1. e4 c5 2. b3 Nc6 3. Bb2 d6 4. Bb5 Bd7 5. f4 e5 6. Bxc6 Bxc6 7. d3 exf4 8. Qg4 d5 9. Qxf4 dxe4 10. dxe4 Ne7 11. Nf3 Ng6 12. Qe3 Qc7 13. Nbd2 0-0-0 14. 0-0-0 f6 15. Kb1 Qf4 16. Qe2 Bd6 17. Rhf1 Qg4 18. Nc4 Bc7 19. e5 fxe5 20. Qf2 b6 21. Rxd8+ Rxd8 22. Ncxe5 Bxe5 23. Bxe5 Nxe5 24. Nxe5 Qxg2 25. Qxg2 Bxg2 26. Rf7 Be4 27. Nd3 Rd7 28. Rf8+ Kc7 29. Nf4 Rd1+ 30. Kb2 Rd2 31. Rf7+ Kd6 32. Rxg7 Rxc2+ 33. Ka3 b5 34. b4 c4 35. Rxa7 Rf2 36. Nh5 Bb1 0-1

[Event "EU-chT (Women) 23rd"]
[Site "Terme Catez"]
[Date "2021.11.12"]
[Round "1.3"]
[White "Hristodoulaki, Antonia"]
[Black "Socko, Monika"]
[Result "0-1"]
[WhiteElo "2075"]
[BlackElo "2393"]
[PlyCount "106"]
[EventDate "2021.11.12"]
[EventType "team-swiss"]
[EventRounds "9"]
[EventCountry "SLO"]
[SourceTitle "CBM 205"]
[Source "ChessBase"]
[SourceDate "2021.12.31"]
[SourceVersion "1"]
[SourceVersionDate "2021.12.31"]
[SourceQuality "1"]
[WhiteTeam "Greece (W)"]
[BlackTeam "Poland (W)"]
[WhiteTeamCountry "GRE"]
[BlackTeamCountry "POL"]

1. d4 Nf6 2. Nf3 e6 3. Bf4 d5 4. e3 c5 5. c3 Bd6 6. Bg3 0-0 7. Bd3 Qc7 8. Nbd2 Nbd7 9. 0-0 Bxg3 10. hxg3 e5 11. Bf5 e4 12. Nh2 cxd4 13. cxd4 Nb6 14. Rc1 Qd6 15. Bxc8 Raxc8 16. Qb3 Rc6 17. Rxc6 Qxc6 18. Nb1 Rc8 19. Nc3 Qd7 20. Rc1 Rc6 21. Qc2 h6 22. Nf1 Qf5 23. Qe2 Nc4 24. Rc2 Qd7 25. Na4 Qc7 26. b3 Nd6 27. Rxc6 Qxc6 28. Nc5 b6 29. Na4 Nb5 30. Qb2 Ng4 31. f3 Nf6 32. Kf2 Qc8 33. g4 exf3 34. gxf3 h5 35. gxh5 Qh3 36. Qe2 Nd6 37. Ke1 Nf5 38. Nc3 Nh4 39. f4 Nf3+ 40. Kd1 Nxd4 41. exd4 Qxc3 42. Qd2 Qf3+ 43. Ke1 Nxh5 44. Qe2 Qxe2+ 45. Kxe2 Nxf4+ 46. Kf3 Ne6 47. Kg4 g6 48. Ne3 f5+ 49. Kf3 Nxd4+ 50. Kf2 Kf7 51. Nxd5 g5 52. Ke3 Nc6 53. Nc3 Ke6 0-1

[Event "GRE-chT 47th"]
[Site "Patras"]
[Date "2019.07.05"]
[Round "5.3"]
[White "Hristodoulaki, Antonia"]
[Black "Antova, Gabriela"]
[Result "1-0"]
[WhiteElo "2033"]
[BlackElo "2257"]
[PlyCount "195"]
[EventDate "2019.07.02"]
[EventType "team-swiss"]
[EventRounds "7"]
[EventCountry "GRE"]
[SourceTitle "CBM 191 Extra"]
[Source "ChessBase"]
[SourceDate "2019.09.30"]
[SourceVersion "1"]
[SourceVersionDate "2019.09.30"]
[SourceQuality "1"]
[WhiteTeam "Purchases of New Crystal"]
[BlackTeam "Chania SA"]
[WhiteTeamCountry "GRE"]
[BlackTeamCountry "GRE"]

1. e4 e5 2. Nf3 Nf6 3. Nxe5 d6 4. Nf3 Nxe4 5. Qe2 Qe7 6. Nc3 Nxc3 7. Qxe7+ Bxe7 8. dxc3 c5 9. Bf4 d5 10. Bb5+ Kf8 11. 0-0-0 a6 12. Be2 Be6 13. Ng5 Nc6 14. Bf3 Bxg5 15. Bxg5 f6 16. Be3 d4 17. cxd4 cxd4 18. Bxd4 Kf7 19. Bc3 Rhe8 20. Bh5+ g6 21. Bf3 Rac8 22. Rd6 Rc7 23. Rhd1 Ke7 24. a3 Rec8 25. R6d2 Kf7 26. Re1 h5 27. Be4 Re7 28. Rd6 Rd8 29. Bxg6+ Kxg6 30. Rdxe6 Rxe6 31. Rxe6 Rf8 32. Kd2 Kf5 33. Rd6 Rf7 34. Ke3 Ne5 35. Bxe5 Kxe5 36. Rd8 Kf5 37. Rh8 Re7+ 38. Kf3 Kg6 39. Rc8 Rd7 40. Rc5 Re7 41. b4 Re1 42. a4 Rb1 43. c3 b6 44. Rc6 Rb3 45. Ke4 h4 46. Rxb6 Rxc3 47. a5 Rb3 48. Rxa6 Rxb4+ 49. Kf3 Ra4 50. h3 Kf5 51. g3 Ra3+ 52. Kg2 Ra4 53. gxh4 Rxh4 54. Kg3 Ra4 55. Ra8 Kg6 56. a6 Kg7 57. a7 Kh7 58. h4 Kg7 59. h5 Kh7 60. Kf3 Kg7 61. h6+ Kh7 62. Ke3 Ra1 63. Kf4 Ra5 64. Kg4 Rg5+ 65. Kf4 Ra5 66. Ke4 Re5+ 67. Kd4 Ra5 68. Kc4 Ra1 69. Kb5 Ra2 70. Kb6 Rb2+ 71. Kc6 Ra2 72. Kd6 Ra1 73. f4 Ra6+ 74. Ke7 f5 75. Kf7 Ra4 76. Kf6 Ra5 77. Ke6 Ra6+ 78. Kxf5 Ra5+ 79. Kf6 Ra6+ 80. Kg5 Rg6+ 81. Kf5 Ra6 82. Ke5 Ra5+ 83. Kd6 Ra6+ 84. Ke7 Ra1 85. f5 Re1+ 86. Kf6 Ra1 87. Re8 Ra6+ 88. Re6 Ra5 89. Re7+ Kxh6 90. Ke6 Ra6+ 91. Ke5 Ra5+ 92. Kd6 Kg5 93. Rf7 Ra1 94. Kc6 Rc1+ 95. Kb7 Rb1+ 96. Kc8 Rc1+ 97. Kb8 Rb1+ 98. Rb7 1-0

[Event "Krakow op-A 29th"]
[Site "Krakow"]
[Date "2018.12.30"]
[Round "5"]
[White "Hristodoulaki, Antonia"]
[Black "Rudzinska, Michalina"]
[Result "1-0"]
[WhiteElo "2048"]
[BlackElo "2141"]
[PlyCount "107"]
[EventDate "2018.12.27"]
[EventType "swiss"]
[EventRounds "9"]
[EventCountry "POL"]
[SourceTitle "CBM 189 Extra"]
[Source "ChessBase"]
[SourceDate "2019.06.03"]
[SourceVersion "1"]
[SourceVersionDate "2019.06.03"]
[SourceQuality "1"]

1. e4 c5 2. Nf3 e6 3. d4 cxd4 4. Nxd4 a6 5. Bd3 Qc7 6. 0-0 Nf6 7. Nc3 d6 8. Be3 Nbd7 9. f4 b5 10. a3 Bb7 11. Qf3 h5 12. Kh1 Be7 13. Rae1 Ng4 14. Bg1 g5 15. fxg5 Nde5 16. Qf4 0-0-0 17. g6 Bh4 18. gxf7 Qe7 19. Re2 Rdf8 20. Qd2 Bg5 21. Qe1 Rxf7 22. Rxf7 Qxf7 23. Ncxb5 axb5 24. Nxb5 Qd7 25. Qb4 Be7 26. Qa5 Nc6 27. Na7+ Kb8 28. Qa4 Qc7 29. Bb5 Na5 30. b4 Nc4 31. Nc6+ Bxc6 32. Bxc6 Nb6 33. Qb5 Bd8 34. e5 Nxe5 35. Rxe5 dxe5 36. a4 Rf8 37. a5 Qd6 38. axb6 Rf1 39. Qxf1 Qxc6 40. Qa6 e4 41. Bd4 Qb7 42. Qxb7+ Kxb7 43. Kg1 Be7 44. Bc5 Bf6 45. Kf2 Be5 46. g3 Kc6 47. Ke3 Kd5 48. c4+ Kxc4 49. Kxe4 Bb8 50. Be7 h4 51. Bxh4 Bd6 52. Bd8 Bxb4 53. b7 Bd6 54. Bf6 1-0

[Event "Krakow op-A 29th"]
[Site "Krakow"]
[Date "2018.12.28"]
[Round "2"]
[White "Hristodoulaki, Antonia"]
[Black "Bombek, Peter"]
[Result "0-1"]
[WhiteElo "2048"]
[BlackElo "2205"]
[PlyCount "128"]
[EventDate "2018.12.27"]
[EventType "swiss"]
[EventRounds "9"]
[EventCountry "POL"]
[SourceTitle "CBM 189 Extra"]
[Source "ChessBase"]
[SourceDate "2019.06.03"]
[SourceVersion "1"]
[SourceVersionDate "2019.06.03"]
[SourceQuality "1"]

1. e4 e6 2. d4 d5 3. Bd3 dxe4 4. Bxe4 Nf6 5. Bd3 c5 6. Nf3 Nc6 7. Bb5 Qb6 8. Nc3 Bd7 9. dxc5 Bxc5 10. Qe2 a6 11. Ba4 0-0 12. 0-0 Rfd8 13. Bb3 Nd4 14. Nxd4 Bxd4 15. Bg5 Qa5 16. Bd2 Qf5 17. Be3 Bxc3 18. bxc3 Bb5 19. c4 Bc6 20. Bb6 Rd7 21. f3 h6 22. Rad1 Rxd1 23. Rxd1 Nd7 24. Bd4 Rc8 25. Qd3 Qg5 26. Qe3 Qxe3+ 27. Bxe3 Kf8 28. a4 Ke8 29. Kf2 b6 30. Ra1 a5 31. Ke2 Bb7 32. Bd4 e5 33. Bb2 f6 34. Rd1 Ba6 35. Kd3 Rd8 36. Kc3 Nc5 37. Rxd8+ Kxd8 38. Bc1 Kd7 39. Be3 Kc6 40. Kd2 Bc8 41. Kc3 Kd6 42. Kd2 Bb7 43. Kc3 Bc6 44. Kb2 f5 45. Kc3 f4 46. Bg1 g5 47. Kd2 g4 48. Ke2 gxf3+ 49. gxf3 Ke6 50. Bxc5 bxc5 51. c3 e4 52. fxe4 Bxe4 53. Kf2 Ke5 54. Ke2 Kf5 55. Kf2 Kg4 56. Bd1+ Kh3 57. Bh5 Bc6 58. Bg6 Kxh2 59. Bf5 Bxa4 60. Kf3 Bb3 61. Kxf4 a4 62. Ke5 a3 63. Bb1 Bxc4 64. Kd6 a2 0-1

[Event "GRE-chT 45th"]
[Site "Achaia"]
[Date "2017.07.04"]
[Round "2.6"]
[White "Hristodoulaki, Antonia"]
[Black "Amiridou, Dimitra"]
[Result "1-0"]
[WhiteElo "2032"]
[BlackElo "1803"]
[PlyCount "45"]
[EventDate "2017.07.03"]
[EventType "team-swiss"]
[EventRounds "7"]
[EventCountry "GRE"]
[SourceTitle "CBM 179 Extra"]
[Source "ChessBase"]
[SourceDate "2017.08.23"]
[SourceVersion "1"]
[SourceVersionDate "2017.08.23"]
[SourceQuality "1"]
[WhiteTeam "Heraklion CN"]
[BlackTeam "Orekastro Marion Thunder"]
[WhiteTeamCountry "GRE"]
[BlackTeamCountry "GRE"]

1. e4 c5 2. Nf3 d6 3. d4 cxd4 4. Qxd4 Bd7 5. c4 Nc6 6. Qe3 Nf6 7. h3 g6 8. Be2 Bg7 9. 0-0 0-0 10. Nc3 Rc8 11. Rb1 Be6 12. b3 Nd7 13. Nd5 Nc5 14. Ba3 f5 15. exf5 Bxf5 16. Rbd1 Ne5 17. Nxe5 Bxe5 18. f4 Bf6 19. g4 Bd7 20. g5 Bg7 21. Nxe7+ Kh8 22. Nxc8 Re8 23. Nxd6 1-0

[Event "Heraklion op 20th"]
[Site "Heraklion"]
[Date "2017.04.22"]
[Round "7"]
[White "Hristodoulaki, Antonia"]
[Black "Martorelli, Antonio"]
[Result "1-0"]
[WhiteElo "1994"]
[BlackElo "2220"]
[PlyCount "159"]
[EventDate "2017.04.17"]
[EventType "swiss"]
[EventRounds "9"]
[EventCountry "GRE"]
[SourceTitle "CBM 177 Extra"]
[Source "ChessBase"]
[SourceDate "2017.04.27"]
[SourceVersion "1"]
[SourceVersionDate "2017.04.27"]
[SourceQuality "1"]

1. e4 c5 2. Nf3 e6 3. d4 cxd4 4. Nxd4 a6 5. c4 Nf6 6. Nc3 Bb4 7. Qd3 d6 8. Nc2 Bxc3+ 9. Qxc3 0-0 10. f3 Nc6 11. Bf4 e5 12. Be3 Be6 13. Be2 Rc8 14. Qd2 b5 15. cxb5 axb5 16. Bxb5 d5 17. exd5 Nxd5 18. Bc5 Ncb4 19. Bxb4 Rxc2 20. Qxc2 Qh4+ 21. Ke2 Qxb4 22. a4 Nf4+ 23. Kf1 Rc8 24. Qf2 Bc4+ 25. Bxc4 Qxc4+ 26. Kg1 Ne2+ 27. Kf1 Ng3+ 28. Kg1 Qc1+ 29. Qe1 Qc5+ 30. Qf2 Ne2+ 31. Kf1 Nd4 32. h3 Qb4 33. Qe1 Qc4+ 34. Kf2 Qd3 35. Rc1 Rd8 36. Qe3 Qg6 37. Rhd1 Rb8 38. Rxd4 exd4 39. Qxd4 h5 40. b4 Qg5 41. Rc5 Qe7 42. b5 Re8 43. Rc1 Rd8 44. Qe4 Qa7+ 45. Kg3 g6 46. Qf4 Qe7 47. Rc7 h4+ 48. Kh2 Qe6 49. Qxh4 Rd2 50. Qf4 Ra2 51. Ra7 Rxg2+ 52. Kxg2 Qe2+ 53. Kg3 Qe1+ 54. Kg4 Qg1+ 55. Kh4 Qxa7 56. Qc4 Kh7 57. b6 Qe7+ 58. Kg3 Qe1+ 59. Kg2 Qd2+ 60. Kf1 Qd1+ 61. Kf2 Qd2+ 62. Qe2 Qd4+ 63. Qe3 Qxa4 64. Qc5 Qa2+ 65. Ke3 Qb3+ 66. Ke4 Qe6+ 67. Kd4 Qf6+ 68. Ke3 Qe6+ 69. Kd3 Qb3+ 70. Kd4 Qxf3 71. Qc7 Qf2+ 72. Kd5 Qd2+ 73. Kc6 Qg2+ 74. Kd6 Qg3+ 75. Ke7 Qb3 76. b7 Kg7 77. Qe5+ f6 78. Qxf6+ Kh6 79. Qf4+ g5 80. Qf6+ 1-0